| 000 | 00000nam 2200000zi 4500 |
| 001 | 9.874614 |
| 003 | CaOODSP |
| 005 | 20230215085431 |
| 006 | m o d f |
| 007 | cr cn||||||||| |
| 008 | 190610t20192019onco ob f000 0 eng d |
| 020 | |a9780660313054 |
| 040 | |aCaOODSP|beng|erda|cCaOODSP |
| 043 | |an-cn--- |
| 086 | 1 |aFR5-110/2019E-PDF |
| 245 | 00|aVoices at risk : |bCanada’s guidelines on supporting human rights defenders. |
| 264 | 1|a[Ottawa] : |bGovernment of Canada = Gouvernement du Canada, |c[2019] |
| 264 | 4|c©2019 |
| 300 | |a1 online resource (42 pages) : |bphotographs |
| 336 | |atext|btxt|2rdacontent |
| 337 | |acomputer|bc|2rdamedia |
| 338 | |aonline resource|bcr|2rdacarrier |
| 500 | |aCover title. |
| 500 | |aIssued by Global Affairs Canada. |
| 500 | |aIssued also in French under title: Voix à risque : lignes directrices du Canada pour le soutien des défenseurs des droits de la personne. |
| 504 | |aIncludes bibliographical references. |
| 520 | |a"Canadians care about human rights. They expect their government to help build respect for human rights at home and around the world"--Introduction, page 1. |
| 530 | |aIssued also in printed form. |
| 650 | 0|aHuman rights|xGovernment policy|zCanada. |
| 650 | 0|aHuman rights workers|xGovernment policy|zCanada. |
| 710 | 1 |aCanada. |bGlobal Affairs Canada, |eissuing body. |
| 775 | 08|tVoix à risque : |w(CaOODSP)9.874616 |
| 775 | 08|t[Voices at risk] : |w(CaOODSP)9.913312 |
| 776 | 0#|tVoices at risk : |w(CaOODSP)9.874615 |
| 795 | |tVoices at risk |b2017|w(CaOODSP)9.830435 |
| 856 | 40|qPDF|s3.81 MB|uhttps://publications.gc.ca/collections/collection_2020/amc-gac/FR5-110-2019-eng.pdf |
| 856 | 4 |qHTML|sN/A|uhttps://www.international.gc.ca/world-monde/issues_development-enjeux_developpement/human_rights-droits_homme/rights_defenders_guide_defenseurs_droits.aspx?lang=eng |